Actores y escuelas : una historia de la educación de río negro /
Guardado en:
| Autor Principal: | |
|---|---|
| Otros Autores: | |
| Formato: | Libro |
| Publicado: |
Cipoletti :
Universidad Nacional del Comahue,
2002
|
| Materias: | |
| Etiquetas: |
Agregar Etiqueta
Sin Etiquetas, Sea el primero en etiquetar este registro!
|
| LEADER | 00698nam a22001935a 4500 | ||
|---|---|---|---|
| 001 | EHU.bham045554 | ||
| 003 | AR-BHAM | ||
| 005 | 20190507105824.0 | ||
| 008 | 130507s2002##################000#0#####d | ||
| 020 | |a 9509559753 | ||
| 082 | 3 | 7 | |a 379.82 |
| 100 | 1 | |a Teobaldo, Mirta Elena | |
| 245 | 1 | 0 | |a Actores y escuelas : |b una historia de la educación de río negro / |c Mirta Elena Teobaldo, Amelia Beatriz García |
| 260 | |a Cipoletti : |b Universidad Nacional del Comahue, |c 2002 | ||
| 300 | |a 159 p. | ||
| 653 | |a Educación argentina regional-río negro | ||
| 653 | |a Río negro-educación, historia de la | ||
| 700 | 1 | |a García, Amelia Beatriz | |
| 859 | |a AR-BHAM |b BIB. HUMANIDADES - General |h 379.82 |i T264 |p 375.18 |t Ej.1 | ||
